UBT Library

SECURITY AUTOMATION ESSENTIALS (Record no. 22732)

000 -LEADER
fixed length control field 00297nam a22001337a 4500
008 - FIXED-LENGTH DATA ELEMENTS--GENERAL INFORMATION
fixed length control field 170804b xxu||||| |||| 00| 0 eng d
020 ## - INTERNATIONAL STANDARD BOOK NUMBER
International Standard Book Number 9780071772518
041 ## - LANGUAGE CODE
Language code of text/sound track or separate title eng
080 ## - UNIVERSAL DECIMAL CLASSIFICATION NUMBER
Universal Decimal Classification number 004
100 ## - Rafti
Rafti 33
101 ## - Shkurtesa
Shkurtesa SHK
245 ## - TITLE STATEMENT
Title SECURITY AUTOMATION ESSENTIALS
Statement of responsibility, etc WITTE,G
942 ## - ADDED ENTRY ELEMENTS (KOHA)
Source of classification or shelving scheme
Item type Books
Holdings
Withdrawn status Lost status Source of classification or shelving scheme Damaged status Not for loan Collection code Permanent location Current location Shelving location Date acquired Total Checkouts Full call number Barcode Date last seen Price effective from Koha item type
          Koleksioni i përgjithshem UBT - Lipjan UBT - Lipjan Koleksioni i përgjithshem 08/04/2017   004 WIT 002-2913424 08/04/2017 08/04/2017 Books
          Koleksioni i përgjithshem UBT - Lipjan UBT - Lipjan Koleksioni i përgjithshem 08/04/2017   004 WIT 002-2913429 08/04/2017 08/04/2017 Books
          Koleksioni i përgjithshem UBT - Lipjan UBT - Lipjan Koleksioni i përgjithshem 08/04/2017   004 WIT 002-2913434 08/04/2017 08/04/2017 Books
          Koleksioni i përgjithshem UBT - Lipjan UBT - Lipjan Koleksioni i përgjithshem 08/04/2017   004 WIT 002-2913439 08/04/2017 08/04/2017 Books
          Koleksioni i përgjithshem UBT - Lipjan UBT - Lipjan Koleksioni i përgjithshem 08/04/2017   004 WIT 002-2913449 08/04/2017 08/04/2017 Books
          Koleksioni i përgjithshem UBT - Lipjan UBT - Lipjan Koleksioni i përgjithshem 08/04/2017   004 WIT 002-2913469 08/04/2017 08/04/2017 Books
UBT Library © 2015-2024. All rights reserved University Education for Business and Technology